Lei anticorrupȯ̂ Apontamentos sobre a Lei nð 12.846/2013 - revista, atualizada e ampliada /

Detalles Bibliográficos
Autor principal: Ferraz Dal Pozzo, Antonio Araldo
Otros Autores: Dal Pozzo, Augusto Neves, Dal Pozzo, Beatriz Neves, Facchinatto, Renan Marcondes
Formato: eBook
Lenguaje:portugués
Publicado: San Pablo: Editora ContraCorrente, 2019
Edición:3ra. edii̇n̤
Materias:
Acceso en línea:Acceso restringido

MARC

LEADER 00000nam a22000007a 4500
005 20191118140242.0
007 cr|||| ||||
008 191118s2019 br |||||s|||| 00||0 por d
020 |a 978-85-69220-53-4 
035 |a 30565 
040 |a vLex 
090 |c 10044  |d 10044 
100 1 |a Ferraz Dal Pozzo, Antonio Araldo 
245 1 0 |a Lei anticorrupȯ̂  |h [Recurso electrn̤ico] :  |b Apontamentos sobre a Lei nð 12.846/2013 - revista, atualizada e ampliada /  |c Antonio Araldo Ferraz Dal Pozzo, Augusto Neves Dal Pozzo, Beatriz Neves Dal Pozzo, Renan Marcondes Facchinatto 
250 |a 3ra. edii̇n̤ 
256 |a Servicio en ln̕ea 
260 |a San Pablo:  |b Editora ContraCorrente,  |c 2019 
300 |a 1 recurso electrn̤ico 
500 |a A Editora Contracorrente apresenta a 3® ediȯ̂ – revista, atualizada e ampliada – do livro Lei Anticorrupȯ̂: apontamentos sobre a Lei Nð 12.846/2013, escrito pelos notv̀eis advogados Antonio Araldo Ferraz Dal Pozzo, Augusto Neves Dal Pozzo, Beatriz Neves Dal Pozzo e Renan Marcondes Facchinatto. Nesta obra j ̀consagrada pelo pb︢lico leitor e pela crt̕ica especializada, queste̳s sensv̕eis e relacionadas ao princp̕io da seguranȧ jurd̕ica, s̉ garantias constitucionais da ampla defesa, ao polm̊ico acordo de lenin̊cia, entre outras, sô tratadas com rigor e profundidade. Em vigor desde o dia 29 de janeiro de 2013, a Lei Anticorrupȯ̂ criou a demanda por profissionais que conheȧm a legislaȯ̂ especifica, em especial para os setores de compliance de empresas pb︢licas e privadas. Em suma, um livro indispensv̀el! 
506 1 |a Disponible solo en los productos indicados  |d vLex Global  |d vLex Global (Academic Edition, excluding Law Schools)  |d vLex Global (U.S. Academic Edition, Law Schools)  |d vLex Global (U.S. Academic Edition, excluding Law Schools)  |d vLex Global (Academic Edition, Law Schools) 
650 0 4 |a Derecho Pb︢lico y Administrativo  |z Brasil 
650 0 4 |a Procedimiento Civil  |z Brasil 
700 1 |a Dal Pozzo, Augusto Neves 
700 1 |a Dal Pozzo, Beatriz Neves 
700 1 |a Facchinatto, Renan Marcondes 
740 0 |a vLex Libros (Servicio en ln̕ea) 
856 4 0 |u http://vlex.com/source/lei-anticorrup-o-apontamentos-sobre-a-lei-n-12-846-2013-3-edi-o-revista-atualizada-e-ampliada-30565  |z Acceso restringido 
942 |c BOOK 
999 0 |a Public and Administrative Law 
999 0 |a Civil Procedure